000 01042cam a2200217 4500
001 WB3916-14
008 030501n2003 000 0 eng u
035 _a(Sirsi) u122157
245 _aMarket activity stalls amid uncertainty over CAP
260 _c2003
490 _aRICS News Service
_v(pr039) 1 May 2003, (2)
520 _aLatest RICS Rural Land Market Survey for Great Britain is published and shows land sales are low and the value of land continues to fluctuate greatly in an unsteady market. The average price of farmland per hectare rose from £6 404 to £7 912 per hectare between January and March 2003, with the higher prices being recorded in the bare land sections of the market. For the News release: http://www.rics.org/ricscms/bin/show?class=PressRelease&template=/includes/showpr.html&id=910
590 _aWB
650 _aRURAL LAND
650 _aSALE ACTIVITY
650 _aCAP GRANTS
650 _aFARMLAND PRICES
650 _aAGRICULTURAL MARKET
690 _aRURAL-AGRICULTURE AND FORESTRY
942 _n0
999 _c72599
_d72599